| 000 | 00731nam a2200253Ia 4500 | ||
|---|---|---|---|
| 001 | 21466 | ||
| 003 | GE_BSU | ||
| 008 | 181216s||||||||xx |||||||||||||| ||und|| | ||
| 040 | _cGE_BSU | ||
| 080 | _a338.4 | ||
| 100 | _aMegan, Epler Wood | ||
| 245 | _aSustainable Tourism on a Finite Planet: Environmental, Business and Policy Solutions | ||
| 250 | _a9781138217614 | ||
| 260 | _aLondon | ||
| 260 | _bRoutledge | ||
| 260 | _c2017 | ||
| 300 | _a328 p. 24cm. | ||
| 300 | _eBibl.:p. 317-318., Index.: p. 319-328 | ||
| 541 | _h95 Gel. | ||
| 653 | _aSustainable Tourism on a Finite Planet: Environmental, Business and Policy Solutions | ||
| 653 | _aЭкономика | ||
| 653 | _aეკონომიკა | ||
| 942 | _cBK | ||
| 999 |
_c54410 _d54410 |
||